<?xml version="1.0" encoding="UTF-8"?>
<collection xmlns="http://www.loc.gov/MARC21/slim">
  <record>
    <leader>00000nam  2200000   4500</leader>
    <controlfield tag="001">INLIS000000000013218</controlfield>
    <controlfield tag="005">20220905022430</controlfield>
    <datafield tag="035" ind1="#" ind2="#">
      <subfield code="a">0010-0822000019</subfield>
    </datafield>
    <datafield tag="245" ind1="1" ind2="#">
      <subfield code="a">Strategi Mewujudkan Ketahanan Pangan Melalui Pembangunan Kawasan Pangan Lestari di Dinas Pangan dan Perkebunan Kabupaten Melawi /</subfield>
      <subfield code="c">Dr. Daniel, S.P., M.M</subfield>
    </datafield>
    <datafield tag="100" ind1=" " ind2="#">
      <subfield code="a">DANIEL</subfield>
    </datafield>
    <datafield tag="250" ind1="#" ind2="#">
      <subfield code="a">1</subfield>
    </datafield>
    <datafield tag="300" ind1="#" ind2="#">
      <subfield code="a">vii,54 halaman.,lampiran :</subfield>
      <subfield code="b">ilustrasi ;</subfield>
      <subfield code="c">30 cm</subfield>
    </datafield>
    <datafield tag="260" ind1="#" ind2="#">
      <subfield code="a">Samarinda :</subfield>
      <subfield code="b">Puslatbang KDOD,</subfield>
      <subfield code="c">2020</subfield>
    </datafield>
    <datafield tag="084" ind1="#" ind2="#">
      <subfield code="a">PKN 304 2020</subfield>
    </datafield>
    <datafield tag="520" ind1="#" ind2="#">
      <subfield code="a">Laporan proyek perubahan ini menjelaskan pentingnya penggunaan aneka sayuran sebagai sumber gizi bagi keluarga untuk mendapatkan makan yang bergizi beragam dan berimbang dapat mewujudkan ketahanan pangan sebagai salah satu cara mengatasi stunting. Inovasi kawasan pangan lestari melibatkan warga mayarakat untuk bersama sama menanam berbagai sumber pangan dan memelihara hewan peliharaan sebagai sumber protein memanfaatkan lahan warga, mendidik wanita tani untuk melakukan budidaya tanaman secara baik dan meningkatkan kesehatan masyarakat sehingga mengurangi penyebaran stunting.</subfield>
    </datafield>
    <datafield tag="500" ind1="#" ind2="#">
      <subfield code="a">Coach:Dr. Rahmat, MA&#13;
Penguji:Drs. Yasmon, MLS&#13;
Mentor:Dra. Hj. Linda Purnama, M.Si</subfield>
    </datafield>
    <controlfield tag="008">220905################|##########|#|##</controlfield>
    <datafield tag="650" ind1="#" ind2="4">
      <subfield code="a">Proyek Perubahan</subfield>
    </datafield>
    <datafield tag="650" ind1="#" ind2="4">
      <subfield code="a">Kepemimpinan Nasional Tingkat II</subfield>
    </datafield>
    <datafield tag="650" ind1="#" ind2="4">
      <subfield code="a">sistem informasi</subfield>
    </datafield>
    <datafield tag="650" ind1="#" ind2="4">
      <subfield code="a">inovasi pemerintah</subfield>
    </datafield>
    <datafield tag="650" ind1="#" ind2="4">
      <subfield code="a">sumber gizi</subfield>
    </datafield>
    <datafield tag="650" ind1="#" ind2="4">
      <subfield code="a">kurang gizi</subfield>
    </datafield>
    <datafield tag="650" ind1="#" ind2="4">
      <subfield code="a">stunting</subfield>
    </datafield>
    <datafield tag="650" ind1="#" ind2="4">
      <subfield code="a">informasi gizi</subfield>
    </datafield>
    <datafield tag="990" ind1="#" ind2="#">
      <subfield code="a">PKN/304/2020</subfield>
    </datafield>
  </record>
</collection>
